Energy efficiency lending and valuation due diligence (Record no. 121153)

MARC details
000 -LEADER
fixed length control field 01129nam a22002297a 4500
001 - CONTROL NUMBER
control field K121153
008 - FIXED-LENGTH DATA ELEMENTS--GENERAL INFORMATION
fixed length control field 160218b2019 xxu||||| |||| 00| 0 eng d
041 ## - LANGUAGE CODE
Language code of text/sound track or separate title eng
100 ## - MAIN ENTRY--PERSONAL NAME
Personal author Hartenberger, Ursula
245 ## - TITLE STATEMENT
Title Energy efficiency lending and valuation due diligence
Subtitle The state of play
520 ## - ABSTRACT
Abstract Second in a series of reports produced as part of the Energy Efficiency Action Plan (EeMAP) linking energy efficiency and valuation due diligence for lenders engaged in providing mortgages for improving building stock in Europe. Includes a draft checklist to assist both valuers and lenders produced by RICS. Provides market sentiment on impact of energy efficiency and other sustainability issues on the valuation process. See also K121153 Creating an energy efficient mortgage for Europe: Towards a new market standard and preliminary white paper K121154..
650 ## - KEYWORDS
Keywords EeMAP
650 ## - KEYWORDS
Keywords Energy efficiency
650 ## - KEYWORDS
Keywords Sustainability
650 ## - KEYWORDS
Keywords Refurbishment
651 ## - SUBJECT ADDED ENTRY--GEOGRAPHIC NAME
Geographic name Europe
690 ## - BROAD SUBJECT
9 (RLIN) 6273
Broad subject Valuation
700 ## - ADDED PERSONAL NAME
Added personal author Lorenz, David
700 ## - ADDED PERSONAL NAME
Added personal author Sayce, Sarah
700 ## - ADDED PERSONAL NAME
Added personal author Toth, Zsolt
942 ## - ADDED ENTRY ELEMENTS (KOHA)
Suppress in OPAC Do not suppress in OPAC
Holdings
Lost status Damaged status Not for loan Home library Current library Shelving location Date acquired Total Checkouts Date last seen Price effective from Koha item type
      Virtual Virtual Online 05/11/2019   05/11/2019 05/11/2019 Online material